Integrated Nutrient Management in Rice (Oryza Sativa L.) Under Medium Land Situation (Record no. 50553)

MARC details
000 -LEADER
fixed length control field 00429nam a22001577a 4500
003 - CONTROL NUMBER IDENTIFIER
control field OSt
008 - FIXED-LENGTH DATA ELEMENTS--GENERAL INFORMATION
fixed length control field 260512b |||||||| |||| 00| 0 eng d
082 ## - DEWEY DECIMAL CLASSIFICATION NUMBER
Classification number 633.18
Item number T30I
100 ## - MAIN ENTRY--PERSONAL NAME
Personal name Thakur, Saroj Kumar
245 ## - TITLE STATEMENT
Title Integrated Nutrient Management in Rice (Oryza Sativa L.) Under Medium Land Situation
260 ## - PUBLICATION, DISTRIBUTION, ETC. (IMPRINT)
Place of publication, distribution, etc Pusa, Samstipur
Name of publisher, distributor, etc RAU
Date of publication, distribution, etc 1993
300 ## - PHYSICAL DESCRIPTION
Extent 91P.
502 ## - DISSERTATION NOTE
Degree type Msc.
Year degree granted 1993
650 ## - SUBJECT ADDED ENTRY--TOPICAL TERM
Topical term or geographic name as entry element Agronomy
942 ## - ADDED ENTRY ELEMENTS (KOHA)
Source of classification or shelving scheme
Koha item type Thesis
Holdings
Withdrawn status Lost status Source of classification or shelving scheme Damaged status Not for loan Home library Current library Date acquired Source of acquisition Total Checkouts Full call number Barcode Date last seen Bill Date Koha item type Bill Number
        Not For Loan Dr. Rajendra Prasad Central Agricultural University Pusa, Dr. Rajendra Prasad Central Agricultural University Pusa, 12/05/2026 By Authors   633.18 T30I 44496-UL 12/05/2026 12/05/2026 Thesis Gift
Hosted, Implemented, Customized & Maintained by: BestBookBuddies

Powered by Koha